| 000 | 01017cam a2200313 a 4500 | ||
|---|---|---|---|
| 001 | 000006645 | ||
| 003 | DO-SdBNP | ||
| 005 | 20250424125710.0 | ||
| 008 | 820315s1959 sp 001 0 spa d | ||
| 040 |
_aDO-SdBNP _cCarP _dDLC _dBNPHU |
||
| 041 | 1 | 7 |
_aspa _hger _2Código de idioma MARC |
| 043 | _ae-it | ||
| 049 | _aBNGR | ||
| 082 |
_annnn _bB948c, 1959 |
||
| 100 | 1 |
_aBurckhardt, Jakob Christoph, _d1818-1897. _918457 |
|
| 240 | 1 | 0 |
_aCultur der Renaissance in Italien. _lSpanish |
| 245 | 1 | 3 |
_aLa cultura del renacimiento en Italia / _cJacob Burckhardt ; traducción de Jaime Ardal ; prólogo de J. Bofill y Ferro. |
| 250 | _a2 ed. | ||
| 260 |
_aBarcelona : _bIberia, _c1959. |
||
| 300 |
_axi, 449 p. ; _c18 cm. |
||
| 490 | 1 | _aObras maestras | |
| 650 | 0 |
_aRenacimiento _918458 |
|
| 651 | 0 |
_aItalia _xCivilización _918459 |
|
| 700 | 1 |
_aArdal, Jaime, _etr. _918460 |
|
| 700 | 1 |
_aBofill y Ferro, J., _epról. _918461 |
|
| 830 | 0 |
_aObras maestras _914105 |
|
| 910 | _aCatalogación derivada | ||
| 942 |
_2ddc _cLBS1 |
||
| 999 |
_c6435 _d6435 |
||